| 000 | 00504cam a2200157u 4500 | ||
|---|---|---|---|
| 082 |
_a510.2462 _bLOW |
||
| 100 | 1 |
_aLow, Bevis Brunel, _938893 |
|
| 245 | 0 | 0 |
_aMathematics; _ba text-book for technical students, |
| 260 |
_aLondon, _aNew York [etc.] _bLongmans, Green and co., _c1931. |
||
| 300 |
_avii, 448 p. _bincl. tables, diagrs. _c22 cm. |
||
| 526 |
_a0 _b0 _c0 _d510_246200000000000_LOW |
||
| 526 |
_a0 _b0 _c0 _d510_246200000000000_LOW |
||
| 650 | 0 | _aMathematics. | |
| 650 | 0 |
_aMCE _9379 |
|
| 942 |
_2ddc _cBK |
||
| 999 |
_c543580 _d543580 |
||